书目信息 |
| 题名: |
新中国预防医学历史经验 第二卷
|
|
| 作者: | 李书 | |
| 分册: | ||
| 出版信息: | 人民卫生出版社 1990.03 |
|
| 页数: | 395页 | |
| 开本: | 16开 | |
| 丛书名: | ||
| 单 册: | ||
| 中图分类: | R1-19 | |
| 科图分类: | ||
| 主题词: | 预防医学 , 卫生学 | |
| 电子资源: | ||
| ISBN: | ||
| 000 | 00551nam0 2200193 45 | |
| 001 | 9911301546 | |
| 005 | 19991130153830.1 | |
| 010 | @d18.60 | |
| 100 | @a19991130d1990 km y0chiy0120 ea | |
| 101 | @achi | |
| 105 | @a z 000yy | |
| 200 | 1 | @a新中国预防医学历史经验 第二卷@AXin Zhong Guo Yu Fang Yi Xue Li Shi Jing Yan Di Er Juan@f李书@FLi Shu |
| 210 | @c人民卫生出版社@d1990.03 | |
| 215 | @a395页@c无图表@d16开 | |
| 606 | 0 | @a预防医学 |
| 606 | 0 | @a卫生学 |
| 690 | @aR1-19@v3 | |
| 801 | @aCN@bPerfectUser@c19991130 | |
| 905 | @aBZT@b25760@f1@dR1-19@e3 | |
| 新中国预防医学历史经验 第二卷/李书.-人民卫生出版社,1990.03 |
| 395页:无图表;16开 |
| ISBN :18.60 |
| ● |
| 相关链接 |
|
|
|
正题名:新中国预防医学历史经验 第二卷
索取号:R1-19/3
 
预约/预借
| 序号 | 登录号 | 条形码 | 馆藏地/架位号 | 状态 | 备注 |
| 1 | 25760 | 200149311 | 中心书库中库/ 中库001架A面3列5层10/ [索取号:R1-19/3] | 在馆 |